[Event "GCCC February 2-Week Swiss"]
[Site "Flint, MI"]
[Date "2003.02.12"]
[Round "3.2"]
[White "Skidmore, Mike"]
[Black "Aldrich, Jeff"]
[Result "0-1"]
[WhiteElo "1822"]
[BlackElo "1900"]
[PlyCount "78"]
[EventDate "2003.02.05"]

1. e4 c6 2. f4 d5 3. e5 Bf5 4. Nf3 e6 5. d4 c5 6. Bb5+ Nc6 7. c3 Qb6 8. Qe2 c4
9. Ba4 Bd3 10. Qf2 Qa6 11. Bc2 Na5 12. Bxd3 cxd3 13. Nbd2 Nh6 14. O-O b5 15. b3
Rc8 16. Bb2 b4 17. cxb4 Bxb4 18. Rfc1 O-O 19. a3 Bxd2 20. Nxd2 Nf5 21. Bc3 Rc7
22. b4 Rfc8 23. Bb2 Rxc1+ 24. Bxc1 Nc6 25. Bb2 Qb6 26. Nb3 a5 27. Nc5 axb4 28.
axb4 Qxb4 29. Nxd3 Qb5 30. Nc5 h6 31. Rc1 Rb8 32. Rc2 Nb4 33. Rd2 Qc4 34. g4
Ne7 35. Ba3 Nec6 36. Bxb4 Rxb4 37. Rc2 Qxd4 38. Qxd4 Nxd4 39. Rc1 Ne2+ 0-1

[Event "GCCC February 2-Week Swiss"]
[Site "Flint, MI"]
[Date "2003.02.12"]
[Round "3.5"]
[White "Hazzard, Bill"]
[Black "Thach, Scott"]
[Result "1/2-1/2"]
[WhiteElo "1629"]
[BlackElo "1336"]
[PlyCount "56"]
[EventDate "2003.02.05"]

1. d4 e6 2. e4 b6 3. Nc3 Bb7 4. Nf3 Bb4 5. Bd3 Bxc3+ 6. bxc3 Ne7 7. O-O O-O 8.
Re1 d6 9. Bg5 f6 10. Bh4 Ng6 11. Bg3 e5 12. d5 Nd7 13. Nh4 Nxh4 14. Bxh4 Nc5
15. Re3 Qd7 16. Qh5 Qf7 17. Qxf7+ Rxf7 18. c4 c6 19. Rd1 Rd8 20. Be2 cxd5 21.
cxd5 Rc8 22. c4 Rcc7 23. f3 Ba6 24. Rc1 Bc8 25. Bf2 f5 26. Bf1 fxe4 27. fxe4
Rf6 28. Rc2 Rg6 1/2-1/2

[Event "GCCC February 2-Week Swiss"]
[Site "Flint, MI"]
[Date "2003.02.12"]
[Round "4.1"]
[White "Aldrich, Jeff"]
[Black "Laurin, Edward"]
[Result "1-0"]
[WhiteElo "1900"]
[BlackElo "1833"]
[PlyCount "52"]
[EventDate "2003.02.05"]

1. d4 Nf6 2. c4 e6 3. Nc3 Bb4 4. Qc2 c5 5. dxc5 Na6 6. e3 Nxc5 7. a3 Bxc3+ 8.
Qxc3 Nce4 9. Qc2 Qa5+ 10. b4 Qg5 11. Nf3 Qh6 12. Bb2 b6 13. Bd3 Bb7 14. O-O Ng5
15. Nxg5 Qxg5 16. e4 h5 17. Rae1 h4 18. f4 Qh6 19. Be5 h3 20. g3 O-O 21. f5 d5
22. Bf4 Qh5 23. e5 Nd7 24. Bc1 dxc4 25. Be2 Qh7 26. Bg4 Rfd8 $138 1-0

[Event "Michigan HS Team"]
[Site "Detroit, MI"]
[Date "2003.02.15"]
[Round "1"]
[White "Woolley, Ryan"]
[Black "Dunais, Tom"]
[Result "0-1"]
[WhiteElo "303"]
[BlackElo "1146"]
[PlyCount "62"]
[EventDate "2003.02.15"]

1. e4 e5 2. Nf3 Nc6 3. Bb5 Nf6 4. Bxc6 bxc6 5. d3 d6 6. Bg5 Be7 7. O-O O-O 8.
Nc3 Bg4 9. Qd2 Bxf3 10. gxf3 h6 11. Bxh6 Nh7 12. Be3 d5 13. d4 exd4 14. Bxd4
Ng5 15. Kh1 c5 16. Be3 d4 17. Nd5 dxe3 18. Nxe7+ Qxe7 19. Qxe3 f5 20. Rg1 f4
21. Qb3+ Kh7 22. Qd5 Kh6 23. h4 Nxf3 24. Qc6+ Kh7 25. Qg6+ Kh8 26. Qg4 Nxg1 27.
Rxg1 Rf7 28. f3 g5 29. hxg5 Rh7+ 30. Kg2 Rd8 31. Qxf4 Qf7 0-1

[Event "Michigan HS Team"]
[Site "Detroit, MI"]
[Date "2003.02.15"]
[Round "4"]
[White "Wald, David"]
[Black "Nolan, Dan"]
[Result "0-1"]
[WhiteElo "1363"]
[BlackElo "1241"]
[PlyCount "101"]
[EventDate "2003.02.15"]

1. e4 c5 2. Nf3 d6 3. d4 cxd4 4. Nxd4 g6 5. Nc3 Nf6 6. Be3 Bg7 7. Bc4 O-O 8. f3
Nc6 9. Qd2 e6 10. g4 d5 11. exd5 Nxd5 12. Bxd5 exd5 13. O-O-O Re8 14. Nxc6 bxc6
15. h4 Qa5 16. h5 Bxc3 17. Qxc3 Qxc3 18. bxc3 Rxe3 19. hxg6 fxg6 20. Rh3 Be6
21. Kd2 Re5 22. Rdh1 h5 23. R3h2 Rf8 24. gxh5 Rxh5 25. Rxh5 gxh5 26. Rxh5 Rxf3
27. Rh6 Bd7 28. Rd6 Rf7 29. Ke3 Kf8 30. Kd4 Ke7 31. Rh6 Rf6 32. Rh7+ Kd6 33.
Rh4 Rg6 34. c4 Rg4+ 35. Rxg4 Bxg4 36. cxd5 cxd5 37. a3 Be2 38. Ke3 Bc4 39. Kd4
Kc6 40. Kc3 Kc5 41. Kb2 a5 42. c3 a4 43. Kc1 Kd6 44. Kd2 Ke5 45. Ke3 Bb5 46.
Kd2 Ke4 47. Kc2 Ke3 48. Kc1 Kd3 49. Kb2 Bc4 50. Kc1 Kxc3 51. Kb1 0-1

[Event "Michigan HS Team"]
[Site "Detroit, MI"]
[Date "2003.02.15"]
[Round "1"]
[White "Wald, David"]
[Black "Hershberger, Kent"]
[Result "0-1"]
[WhiteElo "1363"]
[BlackElo "1615"]
[PlyCount "77"]
[EventDate "2003.02.15"]

1. e4 d5 2. exd5 Nf6 3. Nc3 Nxd5 4. Nxd5 Qxd5 5. Nf3 Bg4 6. Be2 e5 7. h3 Bh5 8.
c4 Qc5 9. O-O Nc6 10. d3 Be7 11. Be3 Qb4 12. b3 Bf6 13. Bd2 Qd6 14. Ng5 Bg6 15.
Ne4 Bxe4 16. dxe4 O-O 17. Bc3 Nd4 18. Bxd4 exd4 19. Bd3 c5 20. Qg4 Qe6 21. Qxe6
fxe6 22. f4 e5 23. f5 Bg5 24. Rf3 Be3+ 25. Kh1 Rf6 26. g4 Rh6 27. Raf1 Rf8 28.
Kg2 Rff6 29. Rh1 Ra6 30. a4 Rab6 31. Rb1 Rb4 32. Rff1 Rhb6 33. Bc2 Rd6 34. Bd3
Bg5 35. Rh1 Bh4 36. Kf3 Kf7 37. Rhg1 h6 38. Ke2 Kf6 39. Bc2 0-1

[Event "Michigan HS Team Reserve"]
[Site "Detroit, MI"]
[Date "2003.02.15"]
[Round "1"]
[White "Thurmer, Derek"]
[Black "Thach, Scott"]
[Result "0-1"]
[WhiteElo "921"]
[BlackElo "1336"]
[PlyCount "82"]
[EventDate "2003.02.15"]

1. e4 e6 2. Nf3 b6 3. Nc3 Bb7 4. Bb5 Bb4 5. d4 Bxe4 6. Qe2 Bxc3+ 7. bxc3 Bb7 8.
c4 Ne7 9. Bg5 O-O 10. O-O c6 11. Ba4 d5 12. Qe3 dxc4 13. Qa3 Re8 14. Rad1 b5
15. Qb4 Qc7 16. Rfe1 Nd5 17. Qc5 Nd7 18. Qa3 bxa4 19. Qxa4 Nc3 20. Qxc4 Nxd1
21. Rxd1 Rac8 22. Qc3 c5 23. d5 Bxd5 24. Bc1 Re7 25. Bb2 f6 26. Re1 Rf7 27. a4
Qf4 28. Re2 Bxf3 29. Qxf3 Qxf3 30. gxf3 e5 31. c4 Nb6 32. Ba3 Nxc4 33. Bc1 a5
34. f4 Rd7 35. Kg2 Rcd8 36. Re4 Rd4 37. Re2 exf4 38. Bb2 Nxb2 39. Rxb2 Rxa4 40.
Rb5 Rc8 41. h3 c4 0-1

[Event "Michigan HS Team Reserve"]
[Site "Detroit, MI"]
[Date "2003.02.15"]
[Round "2"]
[White "Thach, Scott"]
[Black "Washington, Julian"]
[Result "1-0"]
[WhiteElo "1336"]
[BlackElo "1071"]
[PlyCount "129"]
[EventDate "2003.02.15"]

1. e4 e5 2. Nf3 d6 3. Bc4 Bg4 4. Nc3 Nc6 5. h3 Bxf3 6. Qxf3 Qf6 7. Qd1 O-O-O 8.
Nd5 Qh4 9. d3 Nge7 10. O-O h6 11. Kh2 g6 12. g3 Qh5 13. Qxh5 gxh5 14. Nf6 h4
15. Bxf7 Nd4 16. c3 Nf3+ 17. Kg2 Ng5 18. Bxg5 hxg5 19. Be6+ Kb8 20. Nd7+ Ka8
21. d4 exd4 22. cxd4 Bg7 23. Rfd1 Rh6 24. Bg4 b6 25. Rac1 c6 26. e5 dxe5 27.
dxe5 Re8 28. b3 Nd5 29. e6 hxg3 30. Kxg3 Nf4 31. Rxc6 Nxe6 32. Re1 Kb7 33.
Rexe6 Rhxe6 34. Rxe6 Rd8 35. Rg6 Bf8 36. Nxf8 Rxf8 37. Rxg5 Rd8 38. Re5 Rd2 39.
Re2 Rd3+ 40. Kg2 a5 41. Bf3+ Ka7 42. Re7+ Kb8 43. Rb7+ Kc8 44. Rxb6 Kc7 45. Rb5
a4 46. bxa4 Ra3 47. a5 Rxa2 48. Rc5+ Kd6 49. Rc6+ Ke5 50. a6 Kf4 51. Rc4+ Kf5
52. Bb7 Ra3 53. Kf1 Ra1+ 54. Ke2 Ra2+ 55. Kd1 Ra1+ 56. Kc2 Ra2+ 57. Kb3 Ra1 58.
Ra4 Rxa4 59. Kxa4 Kf4 60. a7 Kg5 61. a8=Q Kf5 62. Qe8 Kf6 63. Be4 Kg5 64. Qg6+
Kf4 65. Qf5# 1-0

[Event "Michigan HS Team"]
[Site "Detroit, MI"]
[Date "2003.02.15"]
[Round "1"]
[White "Stack, Curtis"]
[Black "Nolan, Sean"]
[Result "1-0"]
[WhiteElo "1257"]
[BlackElo "1209"]
[PlyCount "41"]
[EventDate "2003.02.15"]

1. e4 c5 2. Bc4 Nc6 3. Nc3 d6 4. Nf3 g6 5. Ng5 Ne5 6. Bb5+ Bd7 7. d4 cxd4 8.
Qxd4 Nf6 9. f4 Neg4 10. Qc4 Nh6 11. e5 d5 12. Nxd5 Nxd5 13. Qxd5 Bxb5 14. Qxb5+
Qd7 15. Qxd7+ Kxd7 16. Bd2 e6 17. h3 Nf5 18. O-O-O Ke8 19. Bc3 Be7 20. Rd3 Kf8
21. g4 1-0

[Event "Michigan HS Team Reserve"]
[Site "Detroit, MI"]
[Date "2003.02.15"]
[Round "3"]
[White "Smith, Kevin E"]
[Black "Brown, Ben"]
[Result "0-1"]
[WhiteElo "836"]
[BlackElo "855"]
[PlyCount "116"]
[EventDate "2003.02.15"]

1. e4 e5 2. Nf3 d6 3. Bc4 c6 4. d4 exd4 5. Qxd4 b5 6. Be2 c5 7. Qd1 b4 8. Bc4
Ba6 9. Bd5 Nd7 10. Bxa8 Qxa8 11. Ng1 Qxe4+ 12. Ne2 Bxe2 13. Qxe2 Qxe2+ 14. Kxe2
Ngf6 15. Re1 Ne5 16. Kf1 g6 17. Bg5 Bg7 18. Bxf6 Bxf6 19. Nd2 O-O 20. Ne4 Be7
21. Nd2 Rd8 22. f4 Nc6 23. b3 Bf6 24. Rad1 Nd4 25. Ne4 Nf5 26. c4 Bd4 27. Ng3
Ne3+ 28. Kg1 Nc2+ 29. Kh1 Nxe1 30. Rxe1 d5 31. cxd5 Rxd5 32. h3 Bf2 33. Re8+
Kg7 34. Ne4 Rd1+ 35. Kh2 Rd4 36. Nxf2 Rxf4 37. Re2 Rd4 38. Ng4 Rd8 39. Re7 Rd2
40. Rxa7 Re2 41. Ra5 h5 42. Ne3 Rxe3 43. Rxc5 Re4 44. Rc4 f5 45. Kg3 g5 46.
Rxe4 fxe4 47. Kf2 Kf6 48. g4 h4 49. Ke3 Ke5 50. Kd2 Kf4 51. Ke2 e3 52. Kf1 Kf3
53. Ke1 e2 54. Kd2 Kf2 55. Kd3 e1=Q 56. Kc4 Qe4+ 57. Kb5 Ke3 58. Ka4 Kd3 0-1

[Event "Michigan HS Team Reserve"]
[Site "Detroit, MI"]
[Date "2003.02.15"]
[Round "3"]
[White "Smith, Chris"]
[Black "McGuckin, Connor"]
[Result "1-0"]
[WhiteElo "1035"]
[BlackElo "770"]
[PlyCount "81"]
[EventDate "2003.02.15"]

1. e4 e5 2. Nf3 Nc6 3. d4 d6 4. d5 Nd4 5. Nxd4 exd4 6. Qxd4 Nf6 7. Nc3 c5 8.
dxc6 bxc6 9. Bg5 c5 10. Qe3 Be7 11. Bc4 O-O 12. O-O Ng4 13. Bxe7 Qxe7 14. Qf3
Be6 15. Nd5 Qb7 16. b3 Ne5 17. Qg3 Bxd5 18. Bxd5 Qb8 19. Bxa8 Qxa8 20. Rfe1 Re8
21. f4 Qb8 22. fxe5 dxe5 23. Rad1 Rd8 24. Rxd8+ Qxd8 25. Qxe5 h6 26. Qxc5 Qd2
27. Qf2 Qa5 28. c4 a6 29. Rd1 f6 30. a4 Qb4 31. Qg3 Qc5+ 32. Kf1 Qc6 33. Qf3
Qe6 34. Rd8+ Kh7 35. Qf5+ Qxf5+ 36. exf5 g6 37. Rd7+ Kg8 38. fxg6 h5 39. c5 Kf8
40. c6 Ke8 41. Ra7 1-0

[Event "Michigan HS Team Reserve"]
[Site "Detroit, MI"]
[Date "2003.02.15"]
[Round "4"]
[White "Smith, Chris"]
[Black "Crawford, Jerome"]
[Result "1-0"]
[WhiteElo "1035"]
[BlackElo "683"]
[PlyCount "47"]
[EventDate "2003.02.15"]

1. e4 e5 2. Nf3 d5 3. Nc3 d4 4. Ne2 Nf6 5. d3 Nc6 6. c3 Bg4 7. Ng5 dxc3 8. bxc3
h6 9. Nxf7 Kxf7 10. Qb3+ Be6 11. Qxb7 Bd7 12. Qb3+ Kg6 13. d4 Rb8 14. Qc2 Rb6
15. Be3 Rb5 16. dxe5 Nxe5 17. Nf4+ Kh7 18. Bxb5 Bxb5 19. Bd4 Nc6 20. e5+ Kg8
21. Qb3+ Kh7 22. Qxb5 Nxd4 23. Qd3+ g6 24. Qxg6# 1-0

[Event "Michigan HS Team Reserve"]
[Site "Detroit, MI"]
[Date "2003.02.15"]
[Round "3"]
[White "Shetty, Atulya"]
[Black "Thach, Scott"]
[Result "1/2-1/2"]
[WhiteElo "1283"]
[BlackElo "1336"]
[PlyCount "88"]
[EventDate "2003.02.15"]

1. Nf3 e6 2. e4 b6 3. d4 Bb7 4. Nc3 Bb4 5. Bd3 Bxc3+ 6. bxc3 Ne7 7. O-O O-O 8.
Bg5 f6 9. Bh4 Ng6 10. Bg3 Nc6 11. Bc4 Nce7 12. d5 exd5 13. exd5 d6 14. Nd4 Rf7
15. Ne6 Qc8 16. Re1 Nf5 17. Qg4 Nxg3 18. Qxg3 Ne5 19. Bb3 Ba6 20. f4 Nd7 21. h4
f5 22. h5 h6 23. Qg6 Nf8 24. Qg3 Nxe6 25. dxe6 Re7 26. Rad1 Qf8 27. Qg6 Qf6 28.
Qxf6 gxf6 29. Re3 Kh7 30. Rg3 Rg8 31. Rxg8 Kxg8 32. c4 Bc8 33. Re1 c5 34. Kf2
Rxe6 35. c3 Rxe1 36. Kxe1 Kf7 37. Kf2 Ke6 38. Ke3 Bd7 39. Bc2 Be8 40. Bd1 a6
41. a4 a5 42. g3 d5 43. cxd5+ Kxd5 44. Kd3 c4+ 1/2-1/2

[Event "Michigan HS Team"]
[Site "Detroit, MI"]
[Date "2003.02.15"]
[Round "1"]
[White "Sanders, Travis"]
[Black "Ianni, Angela"]
[Result "1/2-1/2"]
[WhiteElo "1350"]
[BlackElo "1347"]
[PlyCount "66"]
[EventDate "2003.02.15"]

1. e4 c5 2. Nf3 d6 3. Bb5+ Bd7 4. Bxd7+ Nxd7 5. c3 Ngf6 6. d3 g6 7. Be3 Bg7 8.
Qc1 Ng4 9. Bd2 O-O 10. h3 Nge5 11. Nxe5 Nxe5 12. Qc2 Qb6 13. O-O Rac8 14. Be3
Qb5 15. Rd1 c4 16. d4 Nd3 17. b3 cxb3 18. Qxb3 Qa6 19. c4 Nc5 20. Qc2 Ne6 21.
Qd3 Rxc4 22. Na3 Ra4 23. Qxa6 Rxa6 24. Nb5 Ra5 25. a4 a6 26. Bd2 Rxb5 27. axb5
Bxd4 28. Rab1 axb5 29. Rxb5 b6 30. Be3 Bc5 31. Bxc5 bxc5 32. Ra1 Kg7 33. g3 Ng5
1/2-1/2

[Event "Michigan HS Team"]
[Site "Detroit, MI"]
[Date "2003.02.15"]
[Round "2"]
[White "Rodriguez, Brian"]
[Black "Nolan, Sean"]
[Result "1-0"]
[WhiteElo "960"]
[BlackElo "1209"]
[PlyCount "90"]
[EventDate "2003.02.15"]

1. e4 c5 2. Bc4 d6 3. d3 g6 4. Nc3 Bg7 5. Bg5 Nf6 6. h3 O-O 7. Nf3 a6 8. Qd2
Nc6 9. O-O-O Bd7 10. Nd5 Nxd5 11. Bxd5 Rb8 12. Bh6 Nb4 13. Bxg7 Kxg7 14. Qc3+
Kg8 15. Qd2 Kg7 16. h4 Bc6 17. h5 Bxd5 18. exd5 Nxd5 19. hxg6 fxg6 20. Qh6+ Kf7
21. Qxh7+ Ke8 22. Qxg6+ Kd7 23. Qg4+ Kc7 24. a3 Rg8 25. Qf5 Nb6 26. g3 Rf8 27.
Qe4 Rf6 28. Rh7 Qg8 29. Rxe7+ Nd7 30. Ne5 Rd8 31. Nxd7 Rxd7 32. Rxd7+ Kxd7 33.
Qxb7+ Ke8 34. Re1+ Qe6 35. Rxe6+ Rxe6 36. Qxa6 Ke7 37. Qb7+ Kf6 38. a4 d5 39.
Qxd5 Re5 40. Qf3+ Ke7 41. a5 Re6 42. a6 Rf6 43. Qb7+ Kf8 44. a7 Rf7 45. a8=Q+
Kg7 1-0

[Event "Michigan HS Team"]
[Site "Detroit, MI"]
[Date "2003.02.15"]
[Round "2"]
[White "Rayon, Shawn"]
[Black "Sanders, Travis"]
[Result "1-0"]
[WhiteElo "1534"]
[BlackElo "1350"]
[PlyCount "98"]
[EventDate "2003.02.15"]

1. c4 Nc6 2. Nf3 e5 3. d3 Nf6 4. Nc3 Bb4 5. a3 Bxc3+ 6. bxc3 O-O 7. g3 d6 8.
Bg2 Bd7 9. O-O Qc8 10. a4 Bh3 11. Bg5 Bxg2 12. Kxg2 Qe6 13. e4 h6 14. Bd2 Ne7
15. Re1 Nd7 16. Qe2 Ng6 17. d4 Rfe8 18. d5 Qe7 19. Be3 Nf6 20. Nd2 c5 21. Qf3
Qd7 22. h3 b6 23. Bxh6 Nxd5 24. cxd5 gxh6 25. Qg4 Qxg4 26. hxg4 a6 27. c4 f6
28. Ra2 Rab8 29. Rb2 Rb7 30. Reb1 Reb8 31. Nb3 Nf8 32. Na5 Rg7 33. Rxb6 Rxb6
34. Rxb6 Rxg4 35. f3 Rg6 36. Rxd6 Kf7 37. Rxa6 Nd7 38. Ra7 Ke7 39. Nc6+ Kd6 40.
Rb7 Rg8 41. a5 Ra8 42. a6 Rxa6 43. Rxd7+ Kxd7 44. Nb8+ Kc7 45. Nxa6+ Kb6 46.
Nxc5 Kxc5 47. Kh3 Kd6 48. Kh4 Kc5 49. Kh5 Kxc4 1-0

[Event "Michigan HS Team"]
[Site "Detroit, MI"]
[Date "2003.02.15"]
[Round "2"]
[White "Onica, Tony"]
[Black "Bohland, Jonathan"]
[Result "0-1"]
[WhiteElo "971"]
[BlackElo "1347"]
[PlyCount "52"]
[EventDate "2003.02.15"]

1. e4 c5 2. Bc4 Nc6 3. Nc3 d6 4. d3 g6 5. Nf3 Nf6 6. Nd5 Bg7 7. Ng5 O-O 8.
Nxf6+ Bxf6 9. Bxf7+ Rxf7 10. Nxf7 Kxf7 11. g4 b5 12. g5 Bg7 13. Qf3+ Kg8 14. e5
d5 15. Bf4 Nxe5 16. Bxe5 Bxe5 17. O-O-O Bb7 18. c4 a6 19. h4 Qd7 20. Rde1 Bg7
21. Qe3 bxc4 22. dxc4 d4 23. Qxe7 Qxe7 24. Rxe7 Rb8 25. Rc7 Bf8 26. f4 Bd6 0-1

[Event "Michigan HS Team Reserve"]
[Site "Detroit, MI"]
[Date "2003.02.15"]
[Round "1"]
[White "Nowicki, Ben"]
[Black "Allen, Jonathan"]
[Result "1/2-1/2"]
[WhiteElo "654"]
[BlackElo "793"]
[PlyCount "83"]
[EventDate "2003.02.15"]

1. d4 d5 2. e3 Bf5 3. Nc3 Nf6 4. Nf3 e6 5. a3 Bd6 6. Bd3 Ne4 7. O-O O-O 8. Re1
Nxc3 9. bxc3 Bxd3 10. Qxd3 Qf6 11. e4 dxe4 12. Qxe4 Nc6 13. Ng5 Qf5 14. Qxf5
exf5 15. Rb1 b6 16. Rb5 g6 17. d5 Rfe8 18. Nf3 Rxe1+ 19. Nxe1 Re8 20. Be3 f4
21. dxc6 fxe3 22. fxe3 Rxe3 23. Nd3 a5 24. a4 Bc5 25. Nxc5 bxc5 26. Rxc5 Re2
27. Rxa5 Rxc2 28. Ra7 Rxc3 29. Rxc7 Kf8 30. a5 Ke8 31. Rc8+ Ke7 32. a6 Ra3 33.
Ra8 Kd6 34. Ra7 Kxc6 35. Rxf7 h5 36. a7 Ra1+ 37. Kf2 Kd6 38. Rf6+ Ke5 39. Rxg6
Rxa7 40. Rg5+ Kf4 41. Rxh5 Ra2+ 42. Kf1 1/2-1/2

[Event "Michigan HS Team"]
[Site "Detroit, MI"]
[Date "2003.02.15"]
[Round "4"]
[White "Nolan, Sean"]
[Black "Ianni, Angela"]
[Result "0-1"]
[WhiteElo "1209"]
[BlackElo "1347"]
[PlyCount "59"]
[EventDate "2003.02.15"]

1. d4 d5 2. c4 e6 3. Nc3 Nf6 4. Nf3 Be7 5. Bg5 O-O 6. e3 Nbd7 7. Be2 h6 8. Bh4
dxc4 9. Bxc4 b6 10. O-O Bb7 11. Qc2 c5 12. Be2 cxd4 13. Nxd4 Rc8 14. Bf3 Bxf3
15. Nxf3 Qc7 16. Rac1 Ne5 17. Nxe5 Qxe5 18. Bg3 Qc5 19. h3 b5 20. Qb1 Qb6 21.
Ne2 Rcd8 22. Rfd1 Rxd1+ 23. Rxd1 Qb7 24. Nd4 Ne4 25. Bh2 a6 26. Qd3 Bh4 27. g3
Bf6 28. b3 Ng5 29. Qe2 Bxd4 30. exd4 0-1

[Event "Michigan HS Team"]
[Site "Detroit, MI"]
[Date "2003.02.15"]
[Round "3"]
[White "Nolan, Sean"]
[Black "Duvall, Michael"]
[Result "1-0"]
[WhiteElo "1209"]
[BlackElo "1195"]
[PlyCount "82"]
[EventDate "2003.02.15"]

1. d4 Nf6 2. c4 c5 3. Nf3 e6 4. e3 Nc6 5. Nc3 d5 6. Be2 a6 7. O-O dxc4 8. dxc5
Qc7 9. Bxc4 Bxc5 10. b3 O-O 11. Bb2 b5 12. Be2 Rd8 13. Qc1 Nb4 14. Rd1 Bb7 15.
a3 Nbd5 16. b4 Bb6 17. Nxd5 Nxd5 18. Qxc7 Bxc7 19. Be5 Bxe5 20. Nxe5 f6 21. Nf3
Nc3 22. Re1 Nxe2+ 23. Rxe2 Bxf3 24. gxf3 Rd3 25. Ree1 Rad8 26. Kf1 Rc3 27. Rec1
Rdd3 28. Rxc3 Rxc3 29. Ke1 Rb3 30. Kd2 Rb2+ 31. Ke1 Kf7 32. Rd1 Ke7 33. Rd2
Rb1+ 34. Rd1 Rxd1+ 35. Kxd1 Kd6 36. Kd2 Kd5 37. Kd3 g5 38. h3 h5 39. Kc3 f5 40.
Kd3 g4 41. fxg4 fxg4 1-0

[Event "Michigan HS Team"]
[Site "Detroit, MI"]
[Date "2003.02.15"]
[Round "1"]
[White "Nolan, Scott"]
[Black "Onica, Tony"]
[Result "1-0"]
[WhiteElo "1175"]
[BlackElo "971"]
[PlyCount "66"]
[EventDate "2003.02.15"]

1. d4 d5 2. c4 c6 3. Nc3 Bf5 4. e3 Nf6 5. Nf3 Ne4 6. Bd3 Nxc3 7. bxc3 Bxd3 8.
Qxd3 e6 9. O-O dxc4 10. Qxc4 Qd5 11. Qxd5 cxd5 12. Bd2 Bd6 13. Rfc1 b5 14. a4
bxa4 15. Rxa4 O-O 16. c4 Rc8 17. c5 Be7 18. Ra2 Nc6 19. Rb2 Rcb8 20. Rxb8+ Rxb8
21. g3 f5 22. Ne5 Nxe5 23. dxe5 Rc8 24. Bb4 a5 25. Bxa5 Rxc5 26. Rxc5 Bxc5 27.
Kf1 h5 28. Ke2 Kf7 29. Kd3 g5 30. h3 Kg6 31. h4 gxh4 32. gxh4 f4 33. Bd8 Kf5
1-0

[Event "Michigan HS Team"]
[Site "Detroit, MI"]
[Date "2003.02.15"]
[Round "2"]
[White "Nolan, Scott"]
[Black "Ghazal-Tokk, Husameddin"]
[Result "1-0"]
[WhiteElo "1175"]
[BlackElo "1354"]
[PlyCount "81"]
[EventDate "2003.02.15"]

1. d4 d5 2. c4 Nf6 3. Nc3 e6 4. Nf3 b6 5. e3 Bb7 6. Be2 Bd6 7. O-O O-O 8. Qc2
c6 9. cxd5 cxd5 10. Re1 Qc7 11. Bd3 g6 12. Nb5 Qd7 13. Nxd6 Qxd6 14. Ne5 Nc6
15. Nxc6 Bxc6 16. Bd2 Rac8 17. a3 Rfe8 18. Qb3 e5 19. Bb5 exd4 20. exd4 Bxb5
21. Rxe8+ Rxe8 22. Qxb5 Qe6 23. Rc1 Kg7 24. h3 Ne4 25. Be3 Nd6 26. Qc6 b5 27.
b4 Qe7 28. Qc5 Rc8 29. Qxd5 Rxc1+ 30. Bxc1 Nf5 31. Be3 Nxe3 32. fxe3 Qxe3+ 33.
Kh2 Qxa3 34. Qxb5 Qc1 35. Qe5+ Kg8 36. Qb8+ Kg7 37. Qxa7 h5 38. Qb8 Qc6 39. b5
Qd5 40. Qe5+ Qxe5+ 41. dxe5 1-0

[Event "Michigan HS Team"]
[Site "Detroit, MI"]
[Date "2003.02.15"]
[Round "1"]
[White "Nolan, Dan"]
[Black "Onica, Matt"]
[Result "0-1"]
[WhiteElo "1241"]
[BlackElo "794"]
[PlyCount "48"]
[EventDate "2003.02.15"]

1. d4 d5 2. c4 Bf5 3. Nc3 Nf6 4. cxd5 Nxd5 5. Qb3 Nxc3 6. bxc3 b6 7. Nf3 Nc6 8.
e3 Na5 9. Qa4+ Bd7 10. Qc2 e6 11. Ne5 Bd6 12. Nxd7 Qxd7 13. Bd3 f5 14. e4 O-O-O
15. exf5 Rde8 16. fxe6 Rxe6+ 17. Be3 g6 18. O-O Rg8 19. c4 h5 20. c5 Be7 21.
cxb6 axb6 22. Rab1 g5 23. Bf5 h4 24. Bxe6 Qxe6 0-1

[Event "Michigan HS Team"]
[Site "Detroit, MI"]
[Date "2003.02.15"]
[Round "2"]
[White "Nolan, Dan"]
[Black "Dabaja, Bilal"]
[Result "0-1"]
[WhiteElo "1241"]
[BlackElo "1088"]
[PlyCount "70"]
[EventDate "2003.02.15"]

1. d4 d5 2. c4 e6 3. Nc3 Nf6 4. Nf3 Nc6 5. c5 b6 6. b4 Bd7 7. a3 Be7 8. e3 O-O
9. Bd3 bxc5 10. dxc5 e5 11. Bb5 e4 12. Nd4 Bg4 13. Nxc6 Bxd1 14. Nxd8 Rfxd8 15.
Nxd1 a5 16. Bb2 Rdb8 17. Nc3 axb4 18. axb4 Rxa1+ 19. Bxa1 Ra8 20. Bb2 Rb8 21.
Ba3 Ra8 22. Nb1 Ng4 23. O-O Bf6 24. Bc6 Rd8 25. Rd1 Be5 26. Rxd5 Rxd5 27. Bxd5
Bxh2+ 28. Kf1 Be5 29. Bxe4 h5 30. f3 Nxe3+ 31. Kf2 Bd4 32. Kg3 f5 33. Bd3 g5
34. Bc1 f4+ 35. Kh3 Nd1 0-1

[Event "Michigan HS Team Reserve"]
[Site "Detroit, MI"]
[Date "2003.02.15"]
[Round "1"]
[White "Moulder, Robert"]
[Black "Ramsey, Chris"]
[Result "0-1"]
[WhiteElo "755"]
[BlackElo "1049"]
[PlyCount "32"]
[EventDate "2003.02.15"]

1. e4 e5 2. d3 Nf6 3. Bg5 Bc5 4. Qe2 Nc6 5. c3 O-O 6. Bd2 d6 7. g3 Ng4 8. Nh3
d5 9. Bg2 d4 10. O-O dxc3 11. Nxc3 Nd4 12. Qd1 h6 13. Be3 Nxe3 14. fxe3 Bxh3
15. exd4 Qxd4+ 16. Rf2 Qxf2+ 0-1

[Event "Michigan HS Team"]
[Site "Detroit, MI"]
[Date "2003.02.15"]
[Round "4"]
[White "Morley, Casey"]
[Black "Nolan, Scott"]
[Result "1-0"]
[WhiteElo "1255"]
[BlackElo "1175"]
[PlyCount "77"]
[EventDate "2003.02.15"]

1. e4 c5 2. Nf3 d6 3. d4 cxd4 4. Nxd4 g6 5. c4 Bg7 6. Nc3 Nc6 7. Be3 Nf6 8. f3
O-O 9. Qd2 Rb8 10. h4 Bd7 11. g4 Nxd4 12. Bxd4 Bxg4 13. fxg4 Nxg4 14. Bxg7 Kxg7
15. h5 Nh6 16. hxg6 fxg6 17. Qxh6+ Kf6 18. Nd5+ Ke5 19. Qg5+ Kd4 20. Rd1+ Kc5
21. Nxe7+ Kb6 22. Nd5+ Kc5 23. Qe3+ Kc6 24. Nb4+ Kc7 25. Rxh7+ Qd7 26. Rxd7+
Kxd7 27. Bh3+ Kc7 28. c5 Rbd8 29. cxd6+ Kb8 30. Qg3 Ka8 31. Qxg6 Kb8 32. d7 Ka8
33. Rc1 Kb8 34. Qd6+ Ka8 35. Qxf8 a6 36. Rc8+ Rxc8 37. dxc8=Q+ Ka7 38. Qfc5+ b6
39. Q5c7# 1-0

[Event "Michigan HS Team Reserve"]
[Site "Detroit, MI"]
[Date "2003.02.15"]
[Round "4"]
[White "Moore, Charde"]
[Black "Thach, Scott"]
[Result "1/2-1/2"]
[WhiteElo "1068"]
[BlackElo "1336"]
[PlyCount "50"]
[EventDate "2003.02.15"]

1. d4 e6 2. Nf3 b6 3. e3 Bb7 4. Nbd2 c5 5. b3 cxd4 6. exd4 Nf6 7. Bd3 Be7 8.
Bb2 O-O 9. O-O Nc6 10. a3 d5 11. Re1 Nd7 12. c4 Bf6 13. cxd5 exd5 14. Ne5 Bxe5
15. dxe5 Nc5 16. Bc2 d4 17. b4 Nd7 18. Nf3 Re8 19. Bxd4 Nxd4 20. Nxd4 Rxe5 21.
Rxe5 Nxe5 22. Nf5 Qg5 23. Ng3 Rd8 24. Qe1 Re8 25. Kh1 g6 1/2-1/2

[Event "Michigan HS Team Reserve"]
[Site "Detroit, MI"]
[Date "2003.02.15"]
[Round "4"]
[White "McGuckin, Connor"]
[Black "Nowicki, Ben"]
[Result "0-1"]
[WhiteElo "770"]
[BlackElo "654"]
[PlyCount "40"]
[EventDate "2003.02.15"]

1. e4 e5 2. Nf3 Nc6 3. Bb5 Nf6 4. Bxc6 dxc6 5. d3 Bg4 6. Bg5 Be7 7. Bxf6 Bxf6
8. O-O Bxf3 9. Qxf3 O-O 10. Nc3 Qd7 11. Na4 b5 12. Nc5 Qd6 13. b4 Qd4 14. Rac1
Qxb4 15. Na6 Qd6 16. c4 bxc4 17. dxc4 Rfd8 18. Rcd1 Qe6 19. Rxd8+ Rxd8 20. Nxc7
Qxc4 {Remainder illegible, 25?} 0-1

[Event "Michigan HS Team"]
[Site "Detroit, MI"]
[Date "2003.02.15"]
[Round "3"]
[White "Kvatadze, David"]
[Black "Hershberger, Kent"]
[Result "1-0"]
[WhiteElo "1918"]
[BlackElo "1615"]
[PlyCount "51"]
[EventDate "2003.02.15"]

1. d3 Nf6 2. e4 e5 3. Nf3 d6 4. Be2 Be7 5. O-O O-O 6. Nbd2 Bg4 7. Ne1 Bxe2 8.
Qxe2 Nc6 9. c3 Nd7 10. Nc4 f5 11. exf5 Rxf5 12. Ne3 Rf8 13. d4 exd4 14. cxd4
Kh8 15. N1c2 Bf6 16. Qd3 Re8 17. Bd2 Nf8 18. Nd5 Ng6 19. Rae1 Rf8 20. Re3 Bg5
21. Rh3 Bxd2 22. Qxg6 Bh6 23. Qd3 Ne7 24. Nxe7 Qxe7 25. Ne3 Bxe3 26. Qxh7# 1-0